[Event "ch-Arab Women 2013"]
[Site "Abu Dhabi UAE"]
[Date "2013.12.15"]
[Round "9.3"]
[White "Jalloul,M"]
[Black "Jamalia,N"]
[Result "0-1"]
[WhiteElo "1920"]
[BlackElo "1994"]

1.e4 c5 2.Nf3 d6 3.d4 cxd4 4.Nxd4 Nf6 5.Nc3 a6 6.Be3 e6 7.g4 Be7 8.g5 Nfd7
9.h4 b5 10.Bh3 Ne5 11.b3 Qc7 12.Nce2 Nbc6 13.Ng3 Qa5+ 14.Bd2 Qb6 15.Nxc6 Qxc6
16.f4 Nd7 17.c3 Bb7 18.Qe2 a5 19.Bg2 a4 20.O-O axb3 21.axb3 O-O 22.Kh2 Rxa1
23.Rxa1 Ra8 24.Rxa8+ Bxa8 25.Bf1 Nc5 26.b4 Nxe4 27.Nxe4 Qxe4 28.Qxe4 Bxe4
29.Bxb5 Bb7 30.Bd7 d5 31.Be3 Bd6 32.Kg1 Kf8 33.Kf2 Ke7 34.Bb5 f6 35.Bd3 e5
36.fxe5 Bxe5 37.Bd4 h6 38.gxh6 gxh6 39.Kf3 Bc8 40.Bb5 Kd6 41.Bc5+ Ke6 42.Bd4 f5
43.Be8 Bb7 44.b5 Bb8 45.Be3 d4+ 46.Ke2 dxe3 47.Kxe3 Kd5 48.Bf7+ Kc5 49.c4 Bg3
50.h5 f4+ 51.Ke2 Bg2 52.Bd5 Bxd5 53.cxd5 Kxd5  0-1

[Event "Pavlodar Open 2013"]
[Site "Pavlodar KAZ"]
[Date "2013.12.17"]
[Round "8.11"]
[White "Loskutov,O"]
[Black "Lozhnikov,V"]
[Result "0-1"]
[WhiteElo "2393"]
[BlackElo "2317"]

1.e4 c5 2.Nf3 d6 3.d4 cxd4 4.Nxd4 Nf6 5.Nc3 a6 6.Be3 e6 7.Be2 Qc7 8.a4 b6
9.f4 Bb7 10.Bd3 Nbd7 11.Qe2 g6 12.O-O Bg7 13.Kh1 O-O 14.Nf3 e5 15.fxe5 dxe5
16.Nd2 Nc5 17.Bg5 Nh5 18.Bc4 h6 19.Be3 Nf4 20.Bxf4 exf4 21.Nd5 Bxd5 22.Bxd5 Rad8
23.c3 Qe7 24.Qc4 b5 25.axb5 axb5 26.Qb4 Qc7 27.Nf3 Rb8 28.Rfd1 Rfe8 29.Ra2 Bf8
30.Qd4 Bg7 31.Qg1 Qb6 32.Nd2 Re7 33.Qf1 Kh7 34.h3 Qf6 35.Re1 b4 36.cxb4 Rxb4
37.Nc4 Qh4 38.e5 f3 39.gxf3 Nd3 40.Re4 Nf2+ 41.Kg2 Nxe4 42.fxe4 Qg5+ 43.Kh1 Bxe5
44.Qf2 Qc1+ 45.Kg2 Rxc4  0-1

[Event "20th Zadar Open A 2013"]
[Site "Zadar CRO"]
[Date "2013.12.17"]
[Round "4.3"]
[White "Nestorovic,N"]
[Black "Kozul,Z"]
[Result "0-1"]
[WhiteElo "2440"]
[BlackElo "2590"]

1.e4 c5 2.Nf3 d6 3.d4 cxd4 4.Nxd4 Nf6 5.Nc3 a6 6.Be3 e5 7.Nb3 Be7 8.h3 Be6
9.f4 exf4 10.Bxf4 Nc6 11.Qe2 Nd7 12.O-O-O Nde5 13.Kb1 O-O 14.g4 Rc8 15.Nd5 Bg5
16.Qe3 Bxf4 17.Qxf4 Bxd5 18.exd5 Ne7 19.Qd2 Qb6 20.h4 Nxg4 21.Qg5 Nf2 22.Rg1 Ng6
23.Rd4 Rfe8 24.Qd2 Ne4 25.Qd1 Ne5 26.Bh3 Rc4 27.Rxc4 Nxc4 28.Qg4 g6 29.Rc1 Qe3
30.a3 f5 31.Qg2 Nc3+ 32.Ka1 Qe5 33.Rb1 Nxb1  0-1

[Event "Pavlodar Open 2013"]
[Site "Pavlodar KAZ"]
[Date "2013.12.19"]
[Round "10.27"]
[White "Kazakov,K"]
[Black "Akkozov,B"]
[Result "1-0"]
[WhiteElo "2339"]
[BlackElo "2389"]

1.e4 c5 2.Nf3 d6 3.d4 Nf6 4.Nc3 cxd4 5.Nxd4 a6 6.Be3 Ng4 7.Bc1 Nf6 8.Be2 e5
9.Nf3 h6 10.O-O Be7 11.Re1 O-O 12.h3 Be6 13.Bf1 Qa5 14.Nd2 Qc7 15.a4 Nbd7
16.Qf3 Rac8 17.a5 Qc6 18.Bd3 Nc5 19.Bc4 Bxc4 20.Nxc4 Bd8 21.Nd2 Ne6 22.Nf1 Nd4
23.Qd1 Qc5 24.Bd2 Bxa5 25.b4 Bxb4 26.Na4 Qc6 27.Bxb4 Nxc2 28.Bc3 Nxe1 29.Bxe1 Nxe4
30.Ne3 b5 31.Nd5 Rfe8 32.Nab6 Rb8 33.Qf3 Kh8 34.Qxe4 Rxb6 35.Bd2 Rb7 36.Rc1 Qd7
37.Bxh6 Rc8 38.Rxc8+ Qxc8 39.Nf6 gxf6 40.Qh4 Qf5 41.Bg5+ Qh7 42.Bxf6+ Kg8
43.Qg4+ Qg6  1-0

[Event "20th Zadar Open A 2013"]
[Site "Zadar CRO"]
[Date "2013.12.21"]
[Round "9.14"]
[White "Bubalovic,D"]
[Black "Fercec,N"]
[Result "0-1"]
[WhiteElo "2305"]
[BlackElo "2471"]

1.e4 c5 2.Nf3 d6 3.d4 cxd4 4.Nxd4 Nf6 5.Nc3 a6 6.Be3 e6 7.f3 b5 8.Qd2 Bb7
9.O-O-O Nbd7 10.g4 Nb6 11.a3 Rc8 12.Kb1 Be7 13.h4 Nfd7 14.Bg5 Ne5 15.Bxe7 Qxe7
16.Qg5 f6 17.Qc1 Rxc3 18.bxc3 Na4 19.Rd3 Nxd3 20.cxd3 O-O 21.Rh2 d5 22.g5 e5
23.gxf6 Qxf6 24.Nf5 Bc8 25.Ne3 Qxf3 26.exd5 Nxc3+ 27.Ka1 Qxe3  0-1

[Event "Chinese Teams 2013"]
[Site "Tianjin CHN"]
[Date "2013.12.22"]
[Round "20.4"]
[White "Ma Qun"]
[Black "Xiu Deshun"]
[Result "1/2-1/2"]
[WhiteElo "2595"]
[BlackElo "2575"]

1.e4 c5 2.Nf3 d6 3.d4 cxd4 4.Nxd4 Nf6 5.Nc3 a6 6.Be3 Ng4 7.Bg5 h6 8.Bh4 g5
9.Bg3 Bg7 10.h3 Ne5 11.Nf5 Bxf5 12.exf5 Nbc6 13.Nd5 e6 14.fxe6 fxe6 15.Ne3 Qa5+
16.c3 Nf3+ 17.Qxf3 Bxc3+ 18.Kd1 Qa4+ 19.Kc1 Bxb2+ 20.Kxb2 Qb4+ 21.Kc1 Nd4
22.Qd1 Qc3+ 23.Kb1 Qb4+ 24.Kc1 Qc3+ 25.Kb1  1/2-1/2

[Event "Chinese Teams 2013"]
[Site "Tianjin CHN"]
[Date "2013.12.23"]
[Round "21.5"]
[White "Zhao Jun"]
[Black "Lu Shanglei"]
[Result "1-0"]
[WhiteElo "2603"]
[BlackElo "2550"]

1.e4 c5 2.Nc3 a6 3.Nf3 d6 4.d4 cxd4 5.Nxd4 Nf6 6.Be3 Ng4 7.Bc1 Nf6 8.Be2 e5
9.Nb3 Be7 10.Bg5 Be6 11.Bxf6 Bxf6 12.Qd3 Be7 13.Nd5 Nd7 14.O-O Rc8 15.c3 Nb6
16.Nxe7 Qxe7 17.Rfd1 Nc4 18.Qc2 O-O 19.Bxc4 Rxc4 20.Nd2 Rc5 21.Nf1 g6 22.Qd2 Rd8
23.Ne3 h5 24.Qe2 h4 25.Rd2 f5 26.exf5 gxf5 27.f4 Re8 28.Re1 exf4 29.Nd5 Qf7
30.Nxf4 Re5 31.Qf2 Bxa2 32.Ra1 Qf6 33.Nd3 Ra5 34.h3 Re4 35.b4 Rd5 36.Raxa2 Qxc3
37.Rac2 Qg7 38.Rc8+ Kh7 39.Nf4 Qg3 40.Nxd5 Re1+ 41.Qf1 Rxf1+ 42.Kxf1 Kg7
43.Rc7+ Kg6 44.Rc4 Kg5 45.Rcd4 Qa3 46.Nf4 b6 47.Ne2 a5 48.bxa5 bxa5 49.Rxd6 a4
50.Ra6 Qb3 51.Rdd6 Qc4  1-0

[Event "Caissa IM December 2013"]
[Site "Kecskemet HUN"]
[Date "2013.12.24"]
[Round "10.1"]
[White "Farkas,Ti"]
[Black "Antal,T"]
[Result "0-1"]
[WhiteElo "2252"]
[BlackElo "2307"]

1.e4 c5 2.Nf3 d6 3.d4 cxd4 4.Nxd4 Nf6 5.Nc3 a6 6.Be3 e5 7.Nf3 Be7 8.a4 Nc6
9.h3 Be6 10.Be2 O-O 11.Bg5 Nb4 12.O-O Rc8 13.Re1 h6 14.Bxf6 Bxf6 15.Bd3 Qc7
16.Nh2 Rfd8 17.Ng4 Bg5 18.Ne3 Qa5 19.Ned5 g6 20.Nxb4 Qxb4 21.Rb1 Kg7 22.Qe2 h5
23.Red1 h4 24.Qe1 Rc5 25.Be2 f5 26.Bf3 Bf6 27.Rd3 d5 28.exd5 e4 29.Rdd1 Bxd5
30.Rxd5 Rdxd5 31.Nxd5 Qxe1+ 32.Rxe1 Rxd5 33.Rd1 Ra5 34.Rd7+ Kh6 35.Bd1 Rxa4
36.c3 Ra1 37.Kf1 Rb1 38.b3 Bxc3 39.Ke2 Rb2+ 40.Ke3 Bf6  0-1

[Event "Chinese Teams 2013"]
[Site "Tianjin CHN"]
[Date "2013.12.24"]
[Round "22.3"]
[White "Wang Jue"]
[Black "Ding Yixin"]
[Result "1-0"]
[WhiteElo "2379"]
[BlackElo "2428"]

1.e4 c5 2.Nf3 d6 3.d4 cxd4 4.Nxd4 Nf6 5.Nc3 a6 6.Be3 Ng4 7.Bg5 h6 8.Bh4 g5
9.Bg3 Bg7 10.h3 Ne5 11.Nf5 Bxf5 12.exf5 Nbc6 13.Nd5 e6 14.fxe6 fxe6 15.Ne3 Qa5+
16.c3 Nf3+ 17.Qxf3 Bxc3+ 18.Kd1 Qa4+ 19.Nc2 Bxb2 20.Rc1 Rc8 21.Bd3 Rf8 22.Qg4 Nd4
23.Re1 Qxa2 24.Re4 Bxc1 25.Rxd4 Bb2 26.Bg6+ Kd7 27.Rxd6+ Ke7 28.Qb4 Kf6 29.Bd3 Rg8
30.Qe4 Rg7 31.Qf3+  1-0

[Event "PanAm Intercollegiate 2013"]
[Site "Lubbock USA"]
[Date "2013.12.27"]
[Round "1.2"]
[White "Serna,Jeffrey M"]
[Black "Steingrimsson,H"]
[Result "0-1"]
[WhiteElo "1997"]
[BlackElo "2544"]

1.e4 c5 2.Nf3 d6 3.d4 cxd4 4.Nxd4 Nf6 5.Nc3 a6 6.Be3 e5 7.Nf3 Qc7 8.a4 Be7
9.Bg5 Nbd7 10.Nd2 h6 11.Bxf6 Nxf6 12.Bc4 Be6 13.Bb3 O-O 14.Nf1 Qa5 15.Qd2 Qb4
16.Ne3 Nxe4 17.Nxe4 Qxe4 18.Bd5 Qd4 19.Rd1 Qxb2 20.O-O Rac8 21.Rb1 Qd4 22.Rfd1 Qxa4
23.Rxb7 Rfe8 24.Qd3 Bg5 25.Nf5 Qxc2 26.Qxc2 Rxc2 27.Bxe6 Rxe6 28.f4 Bxf4
29.Rxd6 Rxd6 30.Nxd6 Rd2 31.Nxf7 Be3+  0-1

[Event "22nd Donau Open 2013"]
[Site "Aschach AUT"]
[Date "2013.12.28"]
[Round "4.4"]
[White "Krejci,Jan2"]
[Black "Burlacu,B"]
[Result "1-0"]
[WhiteElo "2523"]
[BlackElo "2317"]

1.e4 c5 2.Nf3 d6 3.d4 cxd4 4.Nxd4 Nf6 5.Nc3 a6 6.Be3 e5 7.Nf3 Nc6 8.Bc4 Be6
9.Bb3 Bxb3 10.axb3 Be7 11.O-O O-O 12.Qe2 d5 13.Nxd5 Nxd5 14.Rfd1 Nd4 15.Bxd4 exd4
16.exd5 Bf6 17.Nxd4 Qxd5 18.Nf3 Qf5 19.c3 Rfe8 20.Qd3 Qe6 21.Qc2 Rad8 22.h3 h6
23.Re1 Qc6 24.b4 Qc4 25.Rxe8+ Rxe8 26.Re1 Rd8 27.Re4 Qc6 28.Qe2 Qa4 29.Kh2 Qc6
30.g3 Qa4 31.Kg2 Qc6 32.h4 h5 33.Qc4 Qd7 34.Rf4 Rc8 35.Qe2 Re8 36.Re4 Rd8
37.Qe3 Qc6 38.Qf4 Rc8 39.Kh2 g6 40.Re2 Kg7 41.Rd2 Qb6 42.Kg2 Rd8 43.Rxd8 Qxd8
44.Qe4 Qd7 45.Nd4 Kh7 46.Nb3 b6 47.Nd4 Qd8 48.Nf3 Qc8 49.Qd5 Qc7 50.Qa8 a5
51.b5 Kg7 52.Qd5 Qe7 53.Nd2 Qe2 54.Nc4 Kg8 55.Nd6 Qe7 56.Qc6 Qe2 57.Qxb6  1-0

[Event "VII Stadium Casablanca Open 2013"]
[Site "Zaragoza ESP"]
[Date "2013.12.28"]
[Round "5.11"]
[White "Antoli Royo,J"]
[Black "Arregui Untoria,C"]
[Result "1-0"]
[WhiteElo "2405"]
[BlackElo "2081"]

1.e4 c5 2.Nf3 d6 3.d4 Nf6 4.Nc3 cxd4 5.Nxd4 a6 6.Be3 e5 7.Nb3 Be7 8.h3 h5
9.f4 b5 10.Qf3 Bb7 11.O-O-O Nbd7 12.Kb1 Rc8 13.Nd5 Bxd5 14.exd5 Qc7 15.Bd3 h4
16.Rhe1 Rh5 17.Bd2 Kf8 18.Qe2 Nb6 19.Ba5 Qb7 20.fxe5 Rxe5 21.Qf2 Rxe1 22.Rxe1 Nfd7
23.Nd4 Bf6 24.Nf5 Qb8 25.Qf4 Ne5 26.Bb4 Rd8 27.Rxe5 Bxe5 28.Qxe5  1-0

[Event "Cracovia Open A 2013-14"]
[Site "Krakow POL"]
[Date "2013.12.29"]
[Round "4.15"]
[White "Aliavdin,N"]
[Black "Jakubiec,E"]
[Result "0-1"]
[WhiteElo "2369"]
[BlackElo "2206"]

1.e4 c5 2.Nf3 d6 3.d4 cxd4 4.Nxd4 Nf6 5.Nc3 a6 6.Be3 e5 7.Nb3 Be7 8.f3 Be6
9.Qd2 O-O 10.O-O-O a5 11.a4 Na6 12.g4 Nb4 13.Kb1 Qc8 14.g5 Ne8 15.f4 f5 16.gxf6 Nxf6
17.Rg1 Kh8 18.Qg2 Rg8 19.f5 Bf7 20.Nd2 d5 21.Nf3 Nxe4 22.Nxe4 dxe4 23.Nxe5 Ba2+
24.Kc1 Qxf5 25.Qg3 Rac8 26.c3 Bc5 27.Bxc5 Rxc5 28.Nd7 e3  0-1

[Event "Cracovia Open A 2013-14"]
[Site "Krakow POL"]
[Date "2014.01.02"]
[Round "7.17"]
[White "Wisniowska,K"]
[Black "Ruecker,Be"]
[Result "1/2-1/2"]
[WhiteElo "2182"]
[BlackElo "2258"]

1.e4 c5 2.Nf3 d6 3.d4 cxd4 4.Nxd4 Nf6 5.Nc3 a6 6.Be3 e5 7.Nb3 Be7 8.h3 Be6
9.f4 exf4 10.Bxf4 Nc6 11.Qe2 Ne5 12.O-O-O Qc7 13.Kb1 O-O 14.Nd4 Rac8 15.g4 Nc4
16.Nxe6 fxe6 17.Qxc4 Qxc4 18.Bxc4 Rxc4 19.Bxd6 Bxd6  1/2-1/2

[Event "26th Staufer-Open A 2014"]
[Site "Schwaebisch Gmuend GER"]
[Date "2014.01.04"]
[Round "6.8"]
[White "Berchtenbreiter,M"]
[Black "Baskin,R"]
[Result "1-0"]
[WhiteElo "2427"]
[BlackElo "2172"]

1.e4 c5 2.Nf3 d6 3.d4 cxd4 4.Nxd4 Nf6 5.Nc3 a6 6.Be3 e5 7.Nb3 Be6 8.Qd2 Nbd7
9.O-O-O Rc8 10.f4 b5 11.Kb1 Qc7 12.Be2 Be7 13.g4 b4 14.Nd5 Bxd5 15.exd5 Nxd5
16.Bxa6 Nxe3 17.Qxe3 Qxc2+ 18.Ka1 exf4 19.Qxf4 Bf6 20.Nd4 Bxd4 21.Qxd4 O-O
22.Bxc8 Rxc8 23.Qxd6 Nf8 24.Qxb4 Ne6 25.a3 Nc5 26.Rc1 Qg2 27.Rhe1  1-0